000
00360nam a2200169Ia 4500
003
0STCL
008
150530s9999 xx 000 0 und d
040
_a
STCL
_c
STCL
100
_a
Tandon, B.C.
245
_a
Economic planning
250
_a
Eleventh
260
_c
1985
546
_a
English
942
_2
ddc
_c
BK
999
_c
12575
_d
12575
005
20220125165627.0